Basics Of Stocks (Record no. 319057)

MARC details
000 -LEADER
fixed length control field 00357nam a2200145Ia 4500
008 - FIXED-LENGTH DATA ELEMENTS--GENERAL INFORMATION
fixed length control field 230718s9999 xx 000 0 und d
041 ## - LANGUAGE CODE
Language code of text/sound track or separate title eng
082 ## - DEWEY DECIMAL CLASSIFICATION NUMBER
Classification number 332.6322
Item number KRE
100 ## - MAIN ENTRY--PERSONAL NAME
Personal name Krefetz G.
9 (RLIN) 126548
245 ## - TITLE STATEMENT
Title Basics Of Stocks
260 ## - PUBLICATION, DISTRIBUTION, ETC. (IMPRINT)
Name of publisher, distributor, etc. Vision
365 ## - TRADE PRICE
Currency code Rs.
Price amount 190.00
700 ## - ADDED ENTRY--PERSONAL NAME
Personal name Krefetz G.
9 (RLIN) 126548
906 ## - LOCAL DATA ELEMENT F, LDF (RLIN)
d B:477813-Jun-2008
c OTH
b 38
Holdings
Withdrawn status Lost status Damaged status Not for loan Home library Current library Date acquired Vendor Budget Code Cost, normal purchase price Bill number Total Checkouts Full call number Barcode Date last seen Date last checked out Discount Cost, replacement price Bill Date Koha item type Original Barcode
        Cummins College of Engineering for Women Pune Cummins College of Engineering for Women Pune 31/07/2008 Tbs OTH 152.00 4778 3 332.6322 CCEP-BK-30264 05/03/2026 20/02/2026 38 190.00 13/06/2008 Books 030264